Studies and application of stimulated exploitation systems for Hevea brasiliensis in China (Record no. 69500)

MARC details
000 -LEADER
fixed length control field 01083nam a2200193Ia 4500
100 ## - MAIN ENTRY--AUTHOR NAME
Personal name Xiaodi Wei
245 #0 - TITLE STATEMENT
Title Studies and application of stimulated exploitation systems for Hevea brasiliensis in China
260 ## - PUBLICATION, DISTRIBUTION, ETC. (IMPRINT)
Name of publisher Proceedings of IRRDB Symposium 1999, Hainan, Peoples Republic of China. pp.206-220.
520 ## - SUMMARY, ETC.
Summary, etc The research and application of tapping systems with ethephon stimulation for Hevea brasiliensis in China were introduced, including the technical conceivability of stimulated tapping systems in China; the characteristic of stimulated tapping systems in China; the physiological effects of trees with stimulation tapping systems; several stimulated tapping systems in research and application, and the effects and experience of application of stimulated tapping systems.
650 ## - SUBJECT ADDED ENTRY--TOPICAL TERM
Topical Term Dynamic analysis of tree physiology
650 ## - SUBJECT ADDED ENTRY--TOPICAL TERM
Topical Term Ethephon stimulated
650 ## - SUBJECT ADDED ENTRY--TOPICAL TERM
Topical Term Tapping system
700 ## - ADDED ENTRY--PERSONAL NAME
Personal name Shiqiao Luo
700 ## - ADDED ENTRY--PERSONAL NAME
Personal name Wencheng Huang
700 ## - ADDED ENTRY--PERSONAL NAME
Personal name Wenxian Xu
700 ## - ADDED ENTRY--PERSONAL NAME
Personal name Xianzhou Xiao
942 ## - ADDED ENTRY ELEMENTS (KOHA)
Koha item type Journals
Holdings
Withdrawn status Lost status Damaged status Not for loan Home library Current library Shelving location Date acquired Koha item type
      Journals RRII Library RRII Library Physiology 17/12/2021 Journals